• 首页
  • 本馆介绍
  • 公告通知
  • 最新文献
  • 馆藏检索
  • 电子资源
  • 读者导购
  • 参考咨询
  • 我的图书馆
  • 登录
  • 详细信息显示
  • 放入我的书架
  • 预约/预借图书
  • 作者相关作品
  • 分类相关作品
  • 丛书相关作品
  • 出版社相关作品

书目信息

  • 表格格式
  • 工作单格式
  • 卡片格式
题名:
电工电子基础
    
 
作者: 成开友 主编
分册:  
出版信息: 北京   国防工业出版社  2013
页数: 332页
开本: 26cm
丛书名:
单 册:
中图分类: TM-43 , TN01
科图分类:
主题词: 电工技术--高等教育--教材 , 电子技术--高等教育--教材 , 电工技术 , 电子技术
电子资源:
ISBN: 978-7-118-09091-8
000 00983nam0 2200289 450
001 523
005 20140910085351.70
010    @a978-7-118-09091-8@dCNY39.50
100    @a20140328d2013 em y0chiy50 ea
101 0  @achi
102    @aCN@b110000
105    @aa z 000yy
106    @ar
200 1  @a电工电子基础@ADian Gong Dian Zi Ji Chu@f成开友主编@FCheng Kai You Zhu Bian
210    @a北京@c国防工业出版社@d2013
215    @a332页@c图@d26cm
300    @a普通高等教育电子信息类“十二五”规划教材
330    @a本书共14章,主要内容包括:电路的基本概念与基本定律、电阻电路的分析方法、一阶电路的暂态分析、正弦交流电路的分析、三相电路、磁路与变压器、交流电动机、继电接触器控制等。
606 0  @a电工技术@x高等教育@j教材
606 0  @a电子技术@x高等教育@j教材
606 0  @a电工技术
606 0  @a电子技术
690    @aTM-43@v5
690    @aTN01@v5
701  0 @a成开友@ACheng Kai You@f(1963~)@4主编
801  0 @aCN@bTANGWEI@c20140603
905    @b0840208-10@dTM-43@e68@f3
    
    电工电子基础/成开友主编.-北京:国防工业出版社,2013
    332页:图;26cm
    普通高等教育电子信息类“十二五”规划教材
    
    ISBN 978-7-118-09091-8:CNY39.50
    本书共14章,主要内容包括:电路的基本概念与基本定律、电阻电路的分析方法、一阶电路的暂态分析、正弦交流电路的分析、三相电路、磁路与变压器、交流电动机、继电接触器控制等。
●
相关链接 在E读中查询图书 在五车中查询图书 在当当中查询图书 在豆瓣中查询图书


正题名:电工电子基础     索取号:TM-43/68         预约/预借

序号 登录号 条形码 馆藏地/架位号 状态 备注
1 0840208   208402085   第二样本阅览室/ [索取号:TM-43/68] 在馆    
2 0840209   208402094   密集书库-物理学院/ [索取号:TM-43/68] 在馆    
3 0840210   208402101   第三借阅区/ [索取号:TM-43/68] 在馆    
唐山师范学院图书馆 欢迎您!
大连网信软件有限公司© 版权所有